000 00545nam a2200181Ia 4500
008 100917s9999 xx 000 0 und d
082 _b40700
100 _aदळवी जयवंत
245 _aकशासाठी पोटासाठी
260 _bकोठावळे प्रकाशन
_c1964
300 _a199
365 _b8.5
520 _aकथा
630 _aकशासाठी पोटासाठी
650 _aकथा
730 _aकशासाठी पोटासाठी
942 _cBOOK
999 _c646094
_d646091